Veinte años de política argentina 1945-1965 : tomo 1: de perón a illia /

Guardado en:
Autor Principal: Kimel, Eduardo
Otros Autores: Fernández Ahumada, Daniel
Formato: Libro
Publicado: Buenos Aires : R. R. Ediciones, 1990
Materias:
Etiquetas: Agregar Etiqueta
Sin Etiquetas, Sea el primero en etiquetar este registro!
LEADER 00979nam a22002295a 4500
001 CEM.cems007608
005 20080908102124.0
008 130507s1990##################000#0#####d
003 CEMS
082 0 4 |a 982.06 
100 1 |a Kimel, Eduardo 
245 1 0 |a Veinte años de política argentina 1945-1965 :  |b tomo 1: de perón a illia /  |c Eduardo Kimel ; daniel Fernández Ahumada 
260 |a Buenos Aires :  |b R. R. Ediciones,  |c 1990 
300 |a 318 p. 
505 0 |a Del 43 al 45 -- Primera presidencia de Perón -- El segundo gobierno de Perón -- El gobierno de la Libertadora -- El gobierno de Frondizi -- De Guido a Illía -- Testimonios y documentos 
653 |a Historia 
653 |a Historia argentina 
653 |a Historia argentina 1945-1965 
653 |a Historia política argentina 
700 1 |a Fernández Ahumada, Daniel 
859 |a CEMS  |b BIB. CEMS - 11 de abril  |h 982.06  |i K57  |p 17751.94  |t Ej.1  |v 1  |3 1 
859 |a CEMS  |b BIB. CEMS - 11 de abril  |h 982.06  |i K57  |p 23879.07  |t Ej.2  |v 1  |3 1